LDR 00938naa#a2200229#i#450# 001 EN\\bibl\120656 005 20260603232530.3 011 ## _a2076-0655 100 ## _a20260605b2026####ek#y0engy0150####ca 101 0# _aRUS 102 ## _aRU 200 1# _aINFLUENCE OF TECHNOLOGICAL PARAMETERS OF PAINTING ON THE OPERATIONAL RESISTANCE OF PAINT COATINGS OF BUILDING STRUCTURES _eJournal article 210 1# _aMoscow _cIndividual Entrepreneur Svetlana Vasilievna Samchenko _d2026 215 ## _a5 с. 608 ## _aJournal article _2local 675 ## _aКаучук, пластмассы и подобные полимерные строительные материалы. 691.17 _zRUS 686 ## _aМатериаловедение. 81.09 _2grnti 700 #1 _aPchelnikov _gAleksandr Vladimirovich 700 #1 _aPichugin _gAnatoly Petrovich 700 #1 _aTulyaganov _gAlexander Konstantinovich 700 #1 _aVagina _gTatyana Aleksandrovna 856 4# _atsilicates.ru _u